MARC

LEADER 00000nam0a2200000 4500
001 364278
005 20231101043948.0
035 |a (RuTPU)RU\TPU\retro\21636 
090 |a 364278 
100 |a 20211111d1980 km y0rusy50 ca 
101 0 |a rus 
102 |a RU 
105 |a a z 001zy 
200 1 |a Стимулирование эффективности и качества научной работы  |f К. Г. Федоров 
210 |a Москва  |c Химия  |d 1980 
215 |a 112 с.  |c ил. 
320 |a Библиография в ссылках 
606 1 |a Научно-исследовательская работа  |2 stltpush  |3 (RuTPU)RU\TPU\subj\45140 
610 1 |a качество 
610 1 |a стимулирование 
610 1 |a эффективность 
610 1 |a научно-технический прогресс 
610 1 |a научные организации 
610 1 |a химическая промышленность 
610 1 |a научные исследования 
610 1 |a планирование 
610 1 |a моральное стимулирование 
686 |a Ч215  |v LBC/SL-A  |2 rubbk 
700 1 |a Федоров  |b К. Г.  |g Константин Григорьевич 
801 1 |a RU  |b 63413507  |c 20211111 
942 |c BK